[Event "FRM-ch op"]
[Site "Skopje"]
[Date "2018.12.17"]
[Round "3"]
[White "Jovanovski, Teodor"]
[Black "Gjorshev, Ljupcho"]
[Result "0-1"]
[WhiteElo "1085"]
[BlackElo "2098"]
[PlyCount "72"]
[EventDate "2018.12.15"]
[EventType "swiss"]
[EventRounds "9"]
[EventCountry "MKD"]
[SourceTitle "CBM 187 Extra"]
[Source "ChessBase"]
[SourceDate "2018.11.04"]
[SourceVersion "1"]
[SourceVersionDate "2018.11.04"]
[SourceQuality "1"]

1. d4 d5 2. c4 c6 3. Nf3 Nf6 4. Nc3 e6 5. Bg5 dxc4 6. e4 Qb6 7. Qc2 Qb4 8. a3 Qb3 9. Qxb3 cxb3 10. Bc4 b5 11. Bxb3 Nbd7 12. 0-0 Bb7 13. Bxf6 gxf6 14. Rac1 a6 15. Bc2 Be7 16. Rfd1 Rg8 17. Rd3 c5 18. dxc5 Nxc5 19. Re3 Bd6 20. b4 Nd7 21. Rd1 Bf4 22. Red3 Nb6 23. Ne2 Bc7 24. Nd2 Rc8 25. Bb3 Bb8 26. f3 Ke7 27. Kh1 h5 28. Rc1 Rcd8 29. Rxd8 Rxd8 30. Nf1 Be5 31. Rd1 Rxd1 32. Bxd1 Bb2 33. a4 bxa4 34. Nd2 Bc6 35. Ng3 h4 36. Ngf1 Bc3 0-1

[Event "FRM-ch op"]
[Site "Skopje"]
[Date "2018.12.16"]
[Round "2"]
[White "Gjorshev, Ljupcho"]
[Black "Ilic, Ljubomir"]
[Result "0-1"]
[WhiteElo "2098"]
[BlackElo "2099"]
[PlyCount "88"]
[EventDate "2018.12.15"]
[EventType "swiss"]
[EventRounds "9"]
[EventCountry "MKD"]
[SourceTitle "CBM 187 Extra"]
[Source "ChessBase"]
[SourceDate "2018.11.04"]
[SourceVersion "1"]
[SourceVersionDate "2018.11.04"]
[SourceQuality "1"]

1. e4 c5 2. c3 e6 3. d4 Qc7 4. Be3 d6 5. Nd2 Nf6 6. f3 Be7 7. Bd3 0-0 8. Ne2 Nc6 9. 0-0 b6 10. Rc1 a5 11. Re1 Ba6 12. Nf1 Qb7 13. g4 Bxd3 14. Qxd3 b5 15. Neg3 cxd4 16. cxd4 d5 17. e5 Nd7 18. f4 Rfc8 19. Nd2 Nb4 20. Qb1 Rxc1 21. Rxc1 Rc8 22. a3 Rxc1+ 23. Qxc1 Nc6 24. Ne2 a4 25. Qc2 Nb6 26. Nf3 b4 27. axb4 Nxb4 28. Qc3 Nc4 29. Nc1 h6 30. Nd2 Qc6 31. Bf2 Qb5 32. Nb1 Nc6 33. Nd3 Bb4 34. Qc2 N6a5 35. Nc3 Bxc3 36. Qxc3 Qb3 37. Qxb3 Nxb3 38. Be1 Nxd4 39. Kf2 Nc2 40. Bc3 d4 41. Bb4 Nxb4 42. Nxb4 Nxb2 43. Ke2 a3 44. Kd2 g5 0-1

[Event "Skopje Karposh op"]
[Site "Skopje"]
[Date "2018.03.25"]
[Round "3"]
[White "Lazov, Toni"]
[Black "Gjorshev, Ljupcho"]
[Result "1-0"]
[WhiteElo "2317"]
[BlackElo "2095"]
[PlyCount "63"]
[EventDate "2018.03.24"]
[EventType "swiss"]
[EventRounds "9"]
[EventCountry "MKD"]
[SourceTitle "CBM 183 Extra"]
[Source "ChessBase"]
[SourceDate "2018.04.19"]
[SourceVersion "1"]
[SourceVersionDate "2018.04.19"]
[SourceQuality "1"]

1. e4 e5 2. Nf3 Nc6 3. d4 exd4 4. Nxd4 Nxd4 5. Qxd4 d6 6. Nc3 Nf6 7. f3 Be7 8. Be3 0-0 9. 0-0-0 Be6 10. g4 Nd7 11. Nd5 Bg5 12. f4 Bf6 13. Nxf6+ Qxf6 14. f5 Ne5 15. g5 Qe7 16. fxe6 fxe6 17. Be2 b6 18. Rdf1 c5 19. Qd1 Rxf1 20. Rxf1 Rd8 21. Bf4 Ng6 22. Bd2 d5 23. exd5 exd5 24. Bh5 d4 25. Qe2 Qd6 26. b3 Qc6 27. Bxg6 hxg6 28. Qe7 Qd5 29. Re1 b5 30. Re5 Qh1+ 31. Kb2 Rf8 32. Rxc5 1-0

[Event "EU-Cup 31st"]
[Site "Skopje"]
[Date "2015.10.22"]
[Round "5.4"]
[White "Van Kemenade, Rudy"]
[Black "Gjorshev, Ljupcho"]
[Result "0-1"]
[WhiteElo "1949"]
[BlackElo "2053"]
[PlyCount "66"]
[EventDate "2015.10.18"]
[EventType "team-swiss"]
[EventRounds "7"]
[EventCountry "MKD"]
[SourceTitle "CBM 169"]
[Source "ChessBase"]
[SourceDate "2015.11.10"]
[SourceVersion "1"]
[SourceVersionDate "2015.11.10"]
[SourceQuality "1"]
[WhiteTeam "Cardigan"]
[BlackTeam "Karpos"]
[WhiteTeamCountry "WLS"]
[BlackTeamCountry "MKD"]

1. e4 c5 2. Nf3 Nc6 3. Bb5 Qb6 4. Bxc6 Qxc6 5. Nc3 d6 6. d4 Bg4 7. d5 Qc7 8. h3 Bd7 9. a4 g6 10. 0-0 Bg7 11. Re1 f6 12. Nd2 Nh6 13. Nc4 Nf7 14. Bf4 0-0 15. h4 Qc8 16. Qd2 h6 17. Bg3 Ne5 18. Ne3 g5 19. Bxe5 fxe5 20. hxg5 hxg5 21. Ne2 g4 22. Nc4 Qe8 23. Qg5 Qf7 24. Rf1 Kh7 25. Ne3 Bf6 26. Qf5+ Bxf5 27. Nxf5 Qg6 28. f3 Rh8 29. fxg4 Kg8 30. Rf3 Kf7 31. Raf1 Rag8 32. Neg3 Qxg4 33. R1f2 Rg6 0-1

[Event "EU-Cup 31st"]
[Site "Skopje"]
[Date "2015.10.19"]
[Round "2.4"]
[White "Townsend, M Paul"]
[Black "Gjorshev, Ljupcho"]
[Result "1-0"]
[WhiteElo "2240"]
[BlackElo "2053"]
[PlyCount "105"]
[EventDate "2015.10.18"]
[EventType "team-swiss"]
[EventRounds "7"]
[EventCountry "MKD"]
[SourceTitle "CBM 169"]
[Source "ChessBase"]
[SourceDate "2015.11.10"]
[SourceVersion "1"]
[SourceVersionDate "2015.11.10"]
[SourceQuality "1"]
[WhiteTeam "White Rose"]
[BlackTeam "Karpos"]
[WhiteTeamCountry "ENG"]
[BlackTeamCountry "MKD"]

1. d4 d5 2. c4 e6 3. Nf3 c6 4. e3 Bd6 5. b3 f5 6. Bd3 Nf6 7. 0-0 Qe7 8. Bb2 0-0 9. Qc1 g6 10. Ba3 Nbd7 11. Bxd6 Qxd6 12. Qa3 Qxa3 13. Nxa3 Re8 14. Rfc1 Kg7 15. Nc2 e5 16. dxe5 Nxe5 17. Nxe5 Rxe5 18. Nd4 Bd7 19. b4 Re7 20. c5 Rf8 21. a4 Ng4 22. h3 Ne5 23. Bf1 f4 24. Ra3 Ref7 25. b5 g5 26. a5 cxb5 27. Nxb5 fxe3 28. Rxe3 Ng6 29. f3 Bxb5 30. Bxb5 a6 31. Ba4 Rc7 32. Rb3 Rf4 33. c6 bxc6 34. Rxc6 Rc4 35. Rxc7+ Rxc7 36. Rb6 Nf4 37. Rxa6 Rc4 38. Bb3 Rc5 39. Ra7+ Kg6 40. a6 h5 41. Rb7 Ra5 42. Bc2+ Kf6 43. g3 Nxh3+ 44. Kg2 g4 45. a7 Ra2 46. fxg4 hxg4 47. Kf1 Ke5 48. Rg7 Nf2 49. Bb1 Ra1 50. Kxf2 Ra3 51. Bd3 Kd4 52. Be2 Ke4 53. Bxg4 1-0

[Event "Skopje Karposh op"]
[Site "Skopje"]
[Date "2015.04.01"]
[Round "7"]
[White "Percivaldi, Martin"]
[Black "Gjorshev, Ljupcho"]
[Result "1-0"]
[WhiteElo "2344"]
[BlackElo "2084"]
[PlyCount "44"]
[EventDate "2015.03.27"]
[EventType "swiss"]
[EventRounds "9"]
[EventCountry "MKD"]
[SourceTitle "CBM 165 Extra"]
[Source "ChessBase"]
[SourceDate "2015.04.21"]
[SourceVersion "1"]
[SourceVersionDate "2015.04.21"]
[SourceQuality "1"]

1. d4 d5 2. c4 c6 3. Nf3 e6 4. e3 Bd6 5. b3 Qe7 6. Bb2 Nd7 7. Bd3 Ngf6 8. Ne5 Bb4+ 9. Nd2 Ne4 10. Bxe4 dxe4 11. a3 Bxd2+ 12. Qxd2 0-0 13. Qc2 f5 14. 0-0-0 Nf6 15. Rhg1 Bd7 16. g4 Rfc8 17. gxf5 exf5 18. d5 Be8 19. d6 Qe6 20. d7 Bxd7 21. Nxd7 Nxd7 22. Rxg7+ Kf8 1-0

[Event "Skopje Karposh op"]
[Site "Skopje"]
[Date "2014.04.03"]
[Round "7"]
[White "Gjorshev, Ljupcho"]
[Black "Nikolov, Sasho"]
[Result "0-1"]
[WhiteElo "2125"]
[BlackElo "2358"]
[PlyCount "82"]
[EventDate "2014.03.29"]
[EventType "swiss"]
[EventRounds "9"]
[EventCountry "MKD"]
[SourceTitle "CBM 159 Extra"]
[Source "ChessBase"]
[SourceDate "2014.04.24"]
[SourceVersion "1"]
[SourceVersionDate "2014.04.24"]
[SourceQuality "1"]

1. e4 c6 2. d3 d5 3. f4 dxe4 4. dxe4 Qxd1+ 5. Kxd1 Nf6 6. Bd3 e5 7. Nf3 Nbd7 8. Ke2 Bd6 9. Re1 0-0 10. f5 Nc5 11. Nc3 b5 12. a3 a5 13. Bg5 Nxd3 14. cxd3 Nd7 15. Be3 Ba6 16. Rec1 Rfc8 17. a4 bxa4 18. Nxa4 Rab8 19. Nd2 Bb5 20. Nc5 Nxc5 21. Bxc5 Bc7 22. b3 Rd8 23. Rc3 Rd7 24. Ra2 g6 25. g4 Kg7 26. Ra1 Rbd8 27. Nc4 h5 28. Rg1 hxg4 29. Rxg4 Rh8 30. Rg2 Rh3 31. Bf2 a4 32. Bg3 axb3 33. fxg6 f5 34. Bxe5+ Bxe5 35. Nxe5 b2 36. Rg1 Re7 37. Nxc6 Rxe4+ 38. Kf2 Rxh2+ 39. Kf3 Rh3+ 40. Kf2 Rf4+ 41. Ke2 Rg4 0-1

[Event "Skopje Karposh op"]
[Site "Skopje"]
[Date "2014.03.30"]
[Round "2"]
[White "Rykov, Ivan S"]
[Black "Gjorshev, Ljupcho"]
[Result "1-0"]
[WhiteElo "1783"]
[BlackElo "2125"]
[PlyCount "81"]
[EventDate "2014.03.29"]
[EventType "swiss"]
[EventRounds "9"]
[EventCountry "MKD"]
[SourceTitle "CBM 159 Extra"]
[Source "ChessBase"]
[SourceDate "2014.04.24"]
[SourceVersion "1"]
[SourceVersionDate "2014.04.24"]
[SourceQuality "1"]

1. d4 d6 2. c4 Nd7 3. Nc3 e5 4. Nf3 Be7 5. g3 Ngf6 6. Bg2 0-0 7. 0-0 c6 8. e4 Qc7 9. b3 a6 10. Bb2 Re8 11. Re1 Nf8 12. a3 Ng6 13. d5 c5 14. h3 Rf8 15. Nd2 h5 16. b4 b6 17. b5 a5 18. Qe2 Kh7 19. Nf1 Rh8 20. h4 Bd7 21. Ne3 Kg8 22. Nf5 Bf8 23. Na4 Rb8 24. Qd3 Ne7 25. Bxe5 Bxf5 26. Bxf6 Bxe4 27. Bxe4 gxf6 28. Bf5 Kg7 29. Re2 Rh6 30. Rae1 Ng6 31. Bxg6 Rxg6 32. Qf5 Rg4 33. Re4 Rg6 34. Kh2 Kg8 35. f3 Bh6 36. Re8+ Kg7 37. R1e7 Rxe8 38. Rxc7 Re2+ 39. Kh3 Bd2 40. Qd7 Kh6 41. Qxf7 1-0

[Event "Skopje Karposh op"]
[Site "Skopje"]
[Date "2014.03.29"]
[Round "1"]
[White "Gjorshev, Ljupcho"]
[Black "Bachmann, Axel"]
[Result "0-1"]
[WhiteElo "2125"]
[BlackElo "2575"]
[PlyCount "68"]
[EventDate "2014.03.29"]
[EventType "swiss"]
[EventRounds "9"]
[EventCountry "MKD"]
[SourceTitle "CBM 159 Extra"]
[Source "ChessBase"]
[SourceDate "2014.04.24"]
[SourceVersion "1"]
[SourceVersionDate "2014.04.24"]
[SourceQuality "1"]

1. e4 e5 2. Bc4 Nf6 3. Nc3 Bc5 4. d3 c6 5. Qf3 d6 6. h3 Be6 7. Nge2 Nbd7 8. 0-0 Qe7 9. Bb3 h6 10. Ng3 0-0-0 11. Bd2 g5 12. Nf5 Bxf5 13. Qxf5 g4 14. Na4 Kb8 15. Nxc5 Nxc5 16. f4 gxh3 17. Qxh3 Nfd7 18. Rae1 f6 19. Be3 h5 20. Rf2 h4 21. Ref1 Nxb3 22. axb3 Rdg8 23. Rf3 Rg6 24. Kf2 Qg7 25. Rg1 Rg4 26. Kf1 Rg8 27. Bd2 d5 28. b4 Qg6 29. exd5 cxd5 30. Rf2 e4 31. f5 Qh5 32. dxe4 Rg3 33. Qh2 Qd1+ 34. Be1 R8g4 0-1

[Event "Skopje Karposh op"]
[Site "Skopje"]
[Date "2013.03.09"]
[Round "1"]
[White "Iturrizaga Bonelli, Eduardo"]
[Black "Gjorshev, Ljupcho"]
[Result "1-0"]
[WhiteElo "2650"]
[BlackElo "2166"]
[PlyCount "55"]
[EventDate "2013.03.09"]
[EventType "swiss"]
[EventRounds "9"]
[EventCountry "MKD"]
[SourceTitle "CBM 153 Extra"]
[Source "ChessBase"]
[SourceDate "2013.04.22"]
[SourceVersion "1"]
[SourceVersionDate "2013.04.22"]
[SourceQuality "1"]

1. d4 d6 2. Nf3 Nd7 3. c4 e5 4. Nc3 Be7 5. g3 Ngf6 6. Bg2 0-0 7. 0-0 Re8 8. e4 c6 9. h3 Qc7 10. Be3 Nf8 11. d5 c5 12. Ne1 Bd7 13. Nd3 Ng6 14. Qd2 Rad8 15. a4 a5 16. Nb5 Bxb5 17. cxb5 Ra8 18. b3 Bd8 19. Nb2 Qe7 20. Nc4 Nd7 21. h4 h6 22. Bh3 Nf6 23. Qd3 Nf8 24. Bxc5 Nxe4 25. Qxe4 dxc5 26. d6 Qf6 27. Qxb7 Ng6 28. Qxa8 1-0